[Event "German Masters 2021"]
[Site "Magdeburg"]
[Date "2021.07.30"]
[Round "8.2"]
[White "Engel, Luis"]
[Black "Svane, Rasmus"]
[Result "1-0"]
[WhiteElo "2543"]
[BlackElo "2615"]
[Annotator "TA"]
[PlyCount "91"]
[EventDate "2021.07.23"]
[EventType "tourn"]
[EventCountry "GER"]
[SourceTitle "playchess.com"]
[Source "ChessBase"]
[SourceQuality "1"]

{[%evp 12,91,15,10,21,11,11,21,14,0,1,5,36,23,23,-50,-25,-33,-36,-33,-36,-39,-29,-60,-35,-23,14,-71,11,-37,-25,-20,-12,-13,106,103,103,108,110,102,99,98,147,95,76,76,80,87,77,87,92,87,140,123,451,425,820,829,2062,326,2034,1783,29956,29957,29951,29951,5047,4802,29960,29961,29956,29961,29963,29965,29972,29973,29975,29976,29978,29979,29979,29980]} 1. e4 e5 2. Nf3 Nc6 3. Bb5 a6 4. Ba4 Nf6 5. d3 Bc5 6. c3 b5 7. Bc2 d5 {C77: Ruy Lopez: 3...a6 4 Ba4 Nf6, unusual lines.} 8. exd5 Qxd5 9. Qe2 {d4 is the strong threat.} O-O {The position is equal.} 10. Bg5 {[#]} Be7 $146 ({Predecessor:} 10... Qd6 11. Nbd2 Bb6 12. O-O h6 13. Bh4 Nh5 14. Rfe1 Nf4 15. Qf1 Bf5 16. Ne4 Qd5 {1-0 (64) Aronian,L (2782)-Tari,A (2639) chess24.com INT 2021}) 11. Nbd2 h6 12. Bxf6 Bxf6 13. Rg1 (13. Bb3 $11 Qd7 14. Ne4) 13... b4 14. Ne4 bxc3 15. bxc3 Qa5 16. Kf1 Rb8 17. g4 Be7 18. Rg3 g6 19. g5 (19. Qe1 $11) 19... h5 (19... hxg5 $17 {Strongly threatening ...g4.} 20. Nfd2 f5 21. Bb3+ Kg7) 20. Nf6+ Bxf6 21. gxf6 {And now Qe4 would win.} Qxc3 22. Rc1 {Black must now prevent Qe3.} Bg4 {[#]} (22... e4 $11 23. Qxe4 Qxf6) 23. Qe3 $1 $16 {[%cal Re3h6] White wants to mate with Qh6.} e4 {[#]} 24. Ba4 $1 Qxd3+ 25. Qxd3 exd3 26. Bxc6 ({Of course not} 26. Rxc6 $6 Rb1+ 27. Kg2 Bxf3+ 28. Rxf3 Rd8 $11) 26... Rb2 {[#] Hoping for ...Rc2.} 27. Rd1 (27. Bd5 $142 $1) 27... Rd8 28. h3 Be6 29. Ne5 d2 30. Ke2 Rxa2 31. Rd3 Rxd3 (31... Rd6 $142) 32. Kxd3 Ra3+ $2 {[%mdl 8192] A mistake that costs the game.} (32... h4 $16 {is more resistant.}) 33. Kxd2 $18 Rxh3 (33... Rb3 $142 34. Ke2 Rb8) 34. Ke2 Rb3 35. Rd8+ Kh7 36. Rf8 Rb6 37. Nxf7 Bxf7 38. Rxf7+ {[%mdl 4160] Endgame Double Attack. KRB-KR} Kh6 39. Rxc7 Rb8 40. f7 {White mates.} Kg7 41. Bd5 Rd8 42. Ba2 h4 43. Kf3 h3 44. Kg3 Rd3+ 45. Kh2 Rf3 46. Rc8 {Weighted Error Value: White=0.11/Black=0.72} 1-0

[Event "German Masters 2021"]
[Site "Magdeburg"]
[Date "2021.07.30"]
[Round "8.3"]
[White "Heimann, Andreas"]
[Black "Braun, Arik"]
[Result "1/2-1/2"]
[WhiteElo "2599"]
[BlackElo "2609"]
[Annotator "TA"]
[PlyCount "108"]
[EventDate "2021.07.23"]
[EventType "tourn"]
[EventCountry "GER"]
[SourceTitle "playchess.com"]
[Source "ChessBase"]
[SourceQuality "1"]

{[%evp 12,108,0,1,11,20,17,8,36,26,26,23,25,21,43,24,43,41,72,27,50,0,0,0,26,28,23,14,17,9,16,18,29,0,7,0,0,0,0,0,0,0,35,0,0,-14,-14,-17,-15,-18,0,-31,0,-7,0,0,0,0,0,0,0,0,0,0,8,8,8,20,16,8,86,79,106,17,113,108,150,8,8,8,8,8,8,8,8,8,235,8,8,0,0,0,0,0,0,0,0,0,0]} 1. c4 e6 2. Nc3 d5 3. d4 Bb4 4. e3 Nf6 5. Nf3 O-O 6. Bd3 dxc4 7. Bxc4 b6 {E51: Nimzo-Indian: Rubinstein: 4...0-0 5 Nf3 d5.} 8. O-O Bb7 9. Qe2 Nbd7 {9...c5 is vanishing.} 10. Rd1 Qe7 11. a3 {[%cal Ba2a3,Ba3a4,Ba4a5][%mdl 32]} Bxc3 12. bxc3 c5 13. Bb2 e5 {[#]} 14. a4 $146 ({Predecessor:} 14. dxe5 Nxe5 15. Nxe5 Qxe5 16. f3 h5 17. e4 h4 18. h3 Nh5 19. Qf2 Qg5 20. Bc1 {1-0 (41) Dale,A (2252)-Wagner,D (2488) London 2014}) 14... e4 15. Ne1 Rfc8 16. a5 cxd4 17. cxd4 Bd5 18. Ba6 Rc7 19. axb6 axb6 20. Bb5 Rac8 21. Rdc1 h6 22. Ba3 Qe6 23. Rxc7 Rxc7 24. Rc1 Rxc1 25. Bxc1 Bc6 26. Bc4 Qf5 27. Nc2 b5 28. Bb3 (28. d5 {seems wilder.} Bxd5 29. Bxb5 Ne5 30. Nd4 Qg5 31. Qf1) 28... Bd5 29. Na1 ({Don't go for} 29. Qxb5 $2 Ng4 $1 $19) 29... Bxb3 30. Nxb3 Nb6 31. Ba3 Nc4 32. Bc5 Qe6 33. h3 Qa6 34. Qc2 Qa4 35. Qb1 b4 36. Kh2 Na3 37. Qa2 h5 38. Nd2 Qc2 39. Qxc2 Nxc2 $11 {[%mdl 4096] Endgame KBN-KNN} 40. Kg3 Kh7 (40... Nd5 $11) 41. Kf4 $16 Ne1 {[#]} 42. Kf5 ({Of course not} 42. Nxe4 Nd3+ 43. Kf5 Nxe4 $15) (42. Ke5 $1 $16) 42... Nxg2 (42... Nd3 $11 {remains equal.}) 43. Bxb4 Kh6 {intending ...Nh4+.} 44. Be7 ({Much worse is} 44. Nxe4 Nh4+ 45. Ke5 Ng6+ 46. Kf5 Nh4+ 47. Ke5 Ng6+ 48. Kf5 Nh4+ $11) (44. Ke5 $16) 44... Nh4+ $11 45. Ke5 Ng6+ 46. Kd6 {Threatens to win with Bd8.} Nxe7 47. Kxe7 {KN-KN} Kg6 48. Nc4 {Ne5+ is the strong threat.} h4 $2 {[#]} (48... Kg5 $11) 49. Ne5+ $2 ({Only move:} 49. Nd6 $1 $18 {[%cal Rd6f7]}) 49... Kf5 {The position is equal.} 50. Kxf7 g5 51. Ng6 {[%cal Rg6e7]} Nd5 52. Ne5 {Black must now prevent Ng4.} Nf6 53. Ng6 {[%cal Rg6e7]} Nd5 54. Ne5 {And now Ng4 would win.} Nf6 $1 {Weighted Error Value: White=0.23/Black=0.23} 1/2-1/2

[Event "German Masters 2021"]
[Site "Magdeburg"]
[Date "2021.07.30"]
[Round "8.4"]
[White "Fridman, Daniel"]
[Black "Parvanyan, Ashot"]
[Result "1/2-1/2"]
[WhiteElo "2608"]
[BlackElo "2451"]
[Annotator "TA"]
[PlyCount "80"]
[EventDate "2021.07.23"]
[EventType "tourn"]
[EventCountry "GER"]
[SourceTitle "playchess.com"]
[Source "ChessBase"]
[SourceQuality "1"]

{[%evp 13,80,13,8,8,18,18,13,17,18,18,14,4,4,2,12,11,11,11,14,3,6,0,16,0,0,0,0,0,0,0,0,0,0,0,0,0,0,0,0,0,0,0,0,0,0,0,0,0,0,0,0,0,0,0,0,0,0,0,0,0,0,0,0,0,0,-8,0,0,0]} 1. d4 Nf6 2. Nf3 e6 3. c4 d5 4. g3 Bb4+ 5. Nbd2 O-O 6. Bg2 b6 $1 {6...b6 scores better than 6...dxc4.} 7. O-O Bb7 {The position is equal.} 8. b3 {E16: Queen's Indian: 4 g3 Bb7 5 Bg2 Bb4+.} a5 9. Bb2 Nbd7 10. Rc1 {[#]} a4 $146 ({Predecessor:} 10... c5 11. e3 Qe7 12. a3 Bxd2 13. Qxd2 a4 14. cxd5 Bxd5 15. bxa4 Rxa4 16. Rfe1 Rfa8 {0-1 (37) Oparin,G (2652)-Petrosyan,M (2628) Chess.com INT 2020}) 11. a3 Be7 12. cxd5 Bxd5 13. bxa4 c5 14. Nc4 Ra6 15. Nfe5 Bxg2 16. Kxg2 cxd4 17. Qxd4 Rxa4 (17... Bc5 {seems wilder.} 18. Qd2 Qa8+ 19. f3 Nxe5 20. Bxe5 Rxa4 21. Bxf6 gxf6 22. Qb2 Qa6) 18. Nc6 Qa8 19. Nxb6 Nxb6 20. Qxb6 Bxa3 21. Bxa3 Rxa3 22. Kg1 h6 23. Rfd1 Ra2 24. Qb5 Qa3 25. Qc4 Nd5 26. Rc2 Rxc2 27. Qxc2 Qc3 28. Qxc3 (28. Rc1 {looks sharper.} Qxc2 29. Rxc2 Ra8 30. e4 Nf6 31. f3) 28... Nxc3 $11 {[%mdl 4096] Endgame KRN-KRN} 29. Rd2 Ra8 30. Rc2 Ra3 31. Kg2 g5 32. Ne5 Kg7 33. Nc4 Rb3 34. Ne5 Kf6 35. Ng4+ Kg6 36. Ne5+ Kf6 37. Nd7+ Ke7 38. Nc5 Ra3 39. h3 Nd5 40. Rb2 Ra7 {A rather calm draw.  Weighted Error Value: White=0.01/Black=0.01} 1/2-1/2

[Event "German Masters 2021"]
[Site "Magdeburg"]
[Date "2021.07.30"]
[Round "8.5"]
[White "Kollars, Dmitrij"]
[Black "Meier, Georg"]
[Result "1-0"]
[WhiteElo "2607"]
[BlackElo "2628"]
[Annotator "TA"]
[PlyCount "103"]
[EventDate "2021.07.23"]
[EventType "tourn"]
[EventCountry "GER"]
[SourceTitle "playchess.com"]
[Source "ChessBase"]
[SourceQuality "1"]

{[%evp 17,103,0,0,0,0,0,18,15,17,14,20,7,14,14,16,0,20,21,38,22,33,30,35,30,38,34,31,39,72,66,69,74,56,56,58,56,58,58,74,65,88,88,114,51,48,58,37,44,38,45,49,25,29,44,84,18,18,-368,26,22,25,26,26,26,190,187,166,191,216,211,294,291,346,332,315,340,266,283,379,379,795,795,795,789,1077,1069,29988,29988]} 1. e4 e6 2. d4 d5 3. Nc3 Bb4 4. e5 c5 5. a3 Bxc3+ 6. bxc3 Qa5 7. Bd2 Qa4 8. Qg4 Kf8 9. h4 {The modern move.} Ne7 10. h5 {C18: French: 3 Nc3 Bb4: Main line: 7 h4 and 7 Qg4.} h6 $1 11. Qf4 $5 {[%mdl 4] An interesting side line.} b6 12. Rh3 {The position is equal.} Nbc6 13. Rf3 {[%csl Gf3][%cal Rf4f7]} Nd8 14. dxc5 Qxf4 15. Rxf4 bxc5 {[#]} 16. Rh4 $146 ({Predecessor:} 16. Be3 c4 17. Nf3 Ndc6 18. Rb1 a5 19. Kd2 Rb8 20. Rxb8 Nxb8 21. Bc5 Na6 22. Bb6 {½-½ (44) Vaclav,J (2403)-Brobakken,B (2443) ICCF email 2015}) 16... Ndc6 17. f4 f6 18. Nf3 Kf7 19. g4 fxe5 20. fxe5 Rf8 21. O-O-O Kg8 22. Rh3 Bd7 23. Be2 c4 24. Rg1 Rab8 25. Rhg3 Rb7 26. Be3 Be8 27. Kd2 Kh7 28. Rf1 Kh8 29. Rgg1 Ng8 30. Bc5 (30. Rb1 $16 Rbf7 31. Nd4 Nxd4 32. cxd4) 30... Rf4 $1 $14 31. Nd4 Rxf1 32. Rxf1 Nxe5 33. Nxe6 {Hoping for Rf8.} Nf6 34. Bd4 Re7 35. Bxe5 Ne4+ 36. Kd1 ({Better is} 36. Ke3 $16 Rxe6 37. Kd4 Nxc3 38. Rf8+ Kh7 39. Bf3) 36... Rxe6 $11 37. Rf8+ Kh7 38. Bd4 {g5 is the strong threat.} Re7 39. Bf3 a6 40. Kc1 Bf7 $2 (40... a5 $11 {and Black stays safe.}) 41. Ra8 $18 Ng5 42. Bd1 Re6 {[#]} 43. a4 $1 Ne4 44. a5 Ng5 45. Ra7 Kg8 46. Bb6 Ne4 47. Kb2 ({But not} 47. Rxa6 $6 Nxc3 48. Ra8+ Re8 $18) 47... Rf6 48. Rxa6 Rf1 $2 (48... Be8 49. Ra8 Rf8) 49. Ra8+ Kh7 {[#]} 50. a6 $1 {[%cal Ba5a6,Ba6a7][%mdl 32]} Rxd1 (50... Rf6 51. Bd4) 51. a7 Nd2 52. Rb8 {Weighted Error Value: White=0.06/Black=0.38} 1-0

[Event "German Masters 2021"]
[Site "Magdeburg"]
[Date "2021.07.31"]
[Round "9.1"]
[White "Meier, Georg"]
[Black "Bluebaum, Matthias"]
[Result "1/2-1/2"]
[WhiteElo "2628"]
[BlackElo "2669"]
[Annotator "TA"]
[PlyCount "64"]
[EventDate "2021.07.23"]
[EventType "tourn"]
[EventCountry "GER"]
[SourceTitle "playchess.com"]
[Source "ChessBase"]
[SourceQuality "1"]

{[%evp 24,64,14,14,14,14,13,12,16,12,6,0,0,14,13,0,0,0,0,0,0,0,0,0,0,0,0,0,0,0,0,0,0,0,0,0,0,0,0,0,0,0,0]} 1. Nf3 d5 2. g3 Nf6 3. Bg2 c5 4. O-O g6 5. c3 Bg7 6. d4 cxd4 7. cxd4 O-O 8. Nc3 Ne4 9. Ne5 Nxc3 10. bxc3 Nc6 11. Nxc6 bxc6 12. Qa4 Qb6 13. Ba3 {The position is equal.} Qa6 {D79: Fianchetto Grünfeld: Symmetrical Variation (6 0-0 c6 7 cxd5 cxd5).} 14. Qxa6 Bxa6 15. Rfb1 $1 {15.Rfb1 is better than 15.Rfe1.} Bxe2 16. Bxe7 Rfb8 17. Bd6 Rxb1+ 18. Rxb1 Bd3 {[#]} 19. Rb8+ $146 ({Predecessor:} 19. Rb7 Re8 20. h4 h5 21. Rxa7 Re1+ 22. Kh2 Re2 23. Kg1 Re1+ 24. Kh2 Re2 25. Kg1 Re1+ {½-½ (25) Rakhmanov,A (2651)-Ponkratov,P (2627) Cheboksary 2021}) 19... Rxb8 20. Bxb8 $11 {[%mdl 4096] Endgame KBB-KBB} Bc4 21. Bxa7 {Black must now prevent a4.} Bxa2 22. Bc5 Bc4 23. f4 f5 24. Kf2 Kf7 25. Ke3 Ke6 26. Bf3 Bf6 27. Bd1 Bd8 28. h4 h5 29. Bc2 Bc7 30. Bd1 Bd8 31. Bc2 Bc7 32. Bd1 Bd8 {A rather calm draw.  Weighted Error Value: White=0.02/Black=0.00} 1/2-1/2

[Event "German Masters 2021"]
[Site "Magdeburg"]
[Date "2021.07.31"]
[Round "9.2"]
[White "Parvanyan, Ashot"]
[Black "Kollars, Dmitrij"]
[Result "1/2-1/2"]
[WhiteElo "2451"]
[BlackElo "2607"]
[Annotator "ChessBase"]
[PlyCount "51"]
[EventDate "2021.07.23"]
[EventType "tourn"]
[EventCountry "GER"]
[SourceTitle "playchess.com"]
[Source "ChessBase"]
[SourceQuality "1"]
[TimeControl "40/5400+30:1800+30"]

1. Nf3 {[%emt 0:01:53]} d5 {[%emt 0:02:32]} 2. d4 {[%emt 0:00:17]} Nf6 {[%emt 0:00:16]} 3. c4 {[%emt 0:00:04]} e6 {[%emt 0:00:12]} 4. g3 {[%emt 0:00:09]} dxc4 {[%emt 0:00:20]} 5. Bg2 {[%emt 0:00:30]} a6 {[%emt 0:00:22]} 6. O-O {[%emt 0:00:22]} Nc6 {[%emt 0:00:29]} 7. Be3 {[%emt 0:00:18]} Bd7 {[%emt 0:07:17]} 8. Qc1 {[%emt 0:01:28]} b5 {[%emt 0:02:41]} 9. b3 {[%emt 0:00:10]} cxb3 {[%emt 0:02:03]} 10. axb3 {[%emt 0:00:32]} Bd6 {[%emt 0:09:14]} 11. Nc3 {[%emt 0:12:30]} O-O {[%emt 0:04:43]} 12. Bg5 {[%emt 0:12:06]} h6 {[%emt 0:04:22]} 13. Bxf6 {[%emt 0:00:34]} Qxf6 {[%emt 0:00:07]} 14. Ne4 {[%emt 0:06:14]} Qe7 {[%emt 0:01:47]} 15. Qb2 {[%emt 0:09:06]} Nb4 {[%emt 0:07:01]} 16. Ne5 {[%emt 0:04:24]} Bxe5 {[%emt 0:05:19]} 17. dxe5 {[%emt 0:00:04]} Bc6 {[%emt 0:00:34]} 18. Nf6+ {[%emt 0:08:19]} Kh8 {[%emt 0:02:51]} 19. Bxc6 {[%emt 0:04:20]} Nxc6 {[%emt 0:00:05]} 20. Qc2 {[%emt 0:01:13]} gxf6 {[%emt 0:00:06]} 21. exf6 {[%emt 0:00:21]} Qd6 {[%emt 0:09:16]} 22. Qc1 {[%emt 0:20:53]} Kh7 {[%emt 0:00:09]} 23. Qc2+ {[%emt 0:01:24]} Kh8 {[%emt 0:00:42]} 24. Qc1 {[%emt 0:00:07]} Kh7 {[%emt 0:00:08]} 25. Qc2+ {[%emt 0:00:03]} Kh8 {[%emt 0:00:38]} 26. Qc1 1/2-1/2

[Event "German Masters 2021"]
[Site "Magdeburg"]
[Date "2021.07.31"]
[Round "9.3"]
[White "Braun, Arik"]
[Black "Fridman, Daniel"]
[Result "1/2-1/2"]
[WhiteElo "2609"]
[BlackElo "2608"]
[Annotator "TA"]
[PlyCount "185"]
[EventDate "2021.07.23"]
[EventType "tourn"]
[EventCountry "GER"]
[SourceTitle "playchess.com"]
[Source "ChessBase"]
[SourceQuality "1"]

{[%evp 11,185,5,42,29,24,32,16,14,13,9,28,28,28,24,31,0,6,7,48,50,49,51,46,45,45,37,49,50,51,56,72,64,64,50,53,37,58,35,72,72,72,72,72,71,65,31,72,19,64,64,64,64,64,64,64,64,64,64,64,64,64,64,64,64,207,64,64,64,64,64,64,64,64,0,64,0,64,64,64,64,64,64,64,56,56,56,62,61,63,53,65,27,27,27,27,27,27,27,41,27,29,0,25,25,25,25,25,-27,0,0,34,0,0,-50,0,0,0,0,0,0,0,0,0,0,0,0,0,0,0,0,0,-35,0,-17,0,0,0,0,0,0,50,41,57,-603,0,-203,-235,-242,-243,-205,-234,-223,0,0,529,103,147,77,97,0,0,0,47,0,0,0,0,0,0,0,0,0,0,0,0,0]} 1. d4 d5 2. Nf3 Nf6 3. e3 e6 4. Bd3 c5 5. b3 Nc6 6. O-O Qc7 7. Bb2 {D05: Colle System with ...e6.} cxd4 8. exd4 Nb4 9. Bb5+ Bd7 10. Bxd7+ Nxd7 11. a3 Nc6 (11... Nxc2 12. Ra2 $16) (11... Qxc2 $6 12. Qxc2 Nxc2 13. Ra2 $16) 12. c4 Nf6 {[#]} 13. Re1 $146 ({Predecessor:} 13. Nc3 Be7 14. c5 O-O 15. b4 a6 16. Re1 Rad8 17. Bc1 b6 18. Qa4 bxc5 19. bxc5 {1-0 (57) Loncar,R (2429)-Suskovic,M (2163) Zadar 1999}) 13... Be7 14. c5 Ne4 15. b4 O-O 16. Nbd2 Nxd2 17. Qxd2 Bf6 18. a4 b6 19. Rec1 Rfb8 20. Bc3 b5 21. Qd3 Qb7 22. Rcb1 a6 23. Qf1 Ra7 24. g3 Kf8 25. Qd3 h6 26. a5 Kg8 27. Re1 Qc8 28. Bd2 Kh8 29. Qc3 (29. h4 $16) 29... Qg8 30. Bf4 Re8 31. Re3 Qh7 32. Rae1 Qf5 33. Kg2 Kg8 34. h3 Rc8 35. Bd6 h5 36. Be5 Bg5 37. R3e2 Rd7 {[#]} (37... Be7 $14) 38. Bd6 (38. Bxg7 $1 $18 {[%mdl 512]} Kxg7 (38... f6 39. h4) 39. Re5 $1 Nxe5 40. Rxe5) 38... Bf6 $14 39. Qd2 Kh7 40. Bf4 Rh8 41. Be5 Be7 42. Bf4 Bf6 $1 43. Bd6 (43. Rh1 $14) 43... Rdd8 ({Black should play} 43... Rc8 $11) 44. Rh1 Kg8 45. Bf4 Rc8 46. Rd1 Ra8 47. h4 Rc8 48. Bg5 Kf8 49. Re3 Ke8 50. Bxf6 gxf6 51. Nh2 Ke7 52. Rde1 Rcd8 53. Rf3 Qg6 54. Nf1 Rd7 55. Kg1 Kd8 56. Rfe3 Qg4 57. Rd3 Rg8 58. Kh2 $1 Qg6 59. Rde3 (59. Ne3 $142) 59... Qg4 (59... f5 $11) 60. Rd3 Qg6 61. Rde3 Kc8 62. f4 Qf5 63. R3e2 Kb7 64. Rf2 Rdd8 65. Ne3 Qg6 66. Rg2 Qe4 67. Nc2 Qf3 68. Re3 Qg4 69. Rf2 Rg7 70. Ref3 Qf5 71. Qd3 (71. Qc3 {is interesting.} Rdg8 72. Qd2 Rc8 73. Rf1 Rgg8 74. R1f2) 71... Ne7 72. c6+ {[%mdl 64] Decoy} Kxc6 73. Qc3+ Kd7 74. Ne3 Qe4 75. Qc5 {Hoping for Qa7+.} Nc6 (75... Ra8 $5 {[%cal Rg7g8]} 76. Qb6 Rgg8 77. Qb7+ Kd6 78. Qb6+ Kd7 79. Qb7+ Kd6 80. Qb6+ Kd7 $11) 76. Nc2 $1 {Threatens to win with Qb6.} Rc8 {[%cal Bd8c8,Bc8c7,Bc7c2][%mdl 32]} 77. f5 $2 {[%mdl 8192] [#]} (77. Rc3 $14 Rgg8 78. Qb6) 77... Ne7 $2 (77... Rxg3 78. Rxg3 Qxh4+ 79. Kg2 $18) (77... Ne5 $1 $19 {[%cal Re5f3][%mdl 512]} 78. fxe6+ (78. dxe5 Rxc5) 78... fxe6 79. dxe5 Rxc5 80. bxc5 fxe5) 78. fxe6+ $2 (78. Qa7+ $1 $11 Rc7 79. Qxa6 Rxc2 80. Qxb5+ Rc6 81. Rc3) 78... fxe6 $19 79. Qa7+ {[#]} Rc7 $1 {[%cal Rc7a7]} 80. Qxa6 Rxc2 81. Qxb5+ Kc7 $2 (81... Rc6 $19 82. Rxf6 Qxd4) 82. a6 $11 Rxg3 $2 {[%mdl 8192]} 83. Qb7+ $2 ({Weaker is} 83. Kxg3 Qg4+ 84. Kh2 Qxh4+ 85. Kg2 Qg4+ 86. Rg3 Rxf2+ 87. Kxf2 Qxd4+ 88. Kf1 Nf5 $11) (83. Rxc2+ $18 {is the precise move to win.} Qxc2+ 84. Kxg3) 83... Kd6 $16 {[%cal Re4h4]} 84. Qb8+ ({Much weaker is} 84. Kxg3 $6 Qg4+ 85. Kh2 Qxh4+ 86. Kg2 Qg4+ 87. Kh2 Qh4+ 88. Kg2 Qg4+ 89. Kh2 Qh4+ $11) 84... Rc7 {[%cal Re4h4]} 85. Rxg3 Qxh4+ 86. Kg2 {Threatening mate with Qd8+.} Qe4+ 87. Rgf3 {And now a7 would win.} Qg4+ {The position is equal.} 88. Kf1 Kd7 89. Qb5+ Kd6 {White must now prevent ...Rc1+.} 90. Qb6+ Kd7 91. Qb5+ Kd6 {aiming for ...Rc1+.} 92. Qb6+ Kd7 {( -> ...Rc1+)} 93. Qb5+ {Quite a comeback for White.  Weighted Error Value: White=0.13/Black=0.11} 1/2-1/2

[Event "German Masters 2021"]
[Site "Magdeburg"]
[Date "2021.07.31"]
[Round "9.4"]
[White "Svane, Rasmus"]
[Black "Heimann, Andreas"]
[Result "1/2-1/2"]
[WhiteElo "2615"]
[BlackElo "2599"]
[Annotator "TA"]
[PlyCount "160"]
[EventDate "2021.07.23"]
[EventType "tourn"]
[EventCountry "GER"]
[SourceTitle "playchess.com"]
[Source "ChessBase"]
[SourceQuality "1"]

{[%evp 18,160,17,21,22,23,23,23,25,23,22,16,15,8,10,4,7,4,4,7,8,14,2,6,10,16,18,15,30,30,30,32,95,39,47,32,32,32,70,51,51,37,78,86,156,43,51,56,48,12,12,23,31,0,0,0,26,9,18,0,0,0,5,5,6,5,5,5,7,6,11,10,10,10,10,10,10,0,0,0,0,0,0,0,27,18,13,13,11,25,43,9,12,11,10,0,13,0,35,0,0,0,0,0,0,0,0,0,0,0,0,0,0,0,0,0,0,0,0,0,0,0,0,0,0,0,0,0,0,0,0,0,0,0,0,0,-28000,-28000,-28000,-28000,-28000,-28000,-28000,-28000,-28000]} 1. e4 e5 2. Nf3 Nc6 3. Bb5 Nf6 4. O-O Nxe4 5. Re1 Nd6 6. Nxe5 Be7 7. Bf1 Nxe5 8. Rxe5 O-O 9. d4 Bf6 10. Re1 Re8 {C67: Ruy Lopez: Berlin Defence: 4 0-0 Nxe4.} 11. Bf4 Rxe1 12. Qxe1 Ne8 {White has an edge.} 13. c3 d5 14. Nd2 c6 15. Bd3 g6 16. Nf3 Ng7 17. Bh6 Nf5 18. Bxf5 Bxf5 {[#]} 19. Qe3 $146 ({Predecessor:} 19. h3 Be4 20. Nd2 Qe7 21. Qe3 Re8 22. Qf4 Bf5 23. Nf3 Qd8 24. Ne5 Be7 25. g4 {½-½ (80) Grandelius,N (2659)-Firouzja,A (2726) Prague 2020}) 19... Qe7 20. Qf4 Re8 21. g4 Be6 22. Re1 Bg7 23. Bxg7 Kxg7 24. g5 f6 (24... Qd8 $14) 25. h4 (25. Qh4 $16) 25... Qf7 26. Qd6 h6 $1 27. Re3 Qe7 28. Qf4 Qf7 29. Qg3 hxg5 30. hxg5 Bd7 (30... Rf8 $142) 31. gxf6+ (31. Rxe8 $16 {Rd8 would kill now.} Bxe8 32. Qb8) 31... Qxf6 $14 32. Rxe8 Bxe8 33. Qc7+ Qf7 34. Qe5+ Qf6 35. Qc7+ Qf7 36. Qe5+ Qf6 37. Qe3 Qf5 38. Kh2 Bd7 39. Ng5 Kh6 40. Ne6+ g5 41. Nc5 b6 42. Nd3 Kg6 43. Qg3 Kf7 44. Ne5+ Ke7 45. Qe3 Kf6 $1 46. b4 Be8 47. Qe2 Qf4+ 48. Kg1 Qe4 49. Qf1 Qf5 50. a3 Qh7 51. Ng4+ Ke6 52. Qc1 Qf5 53. Qe3+ Kd6 54. Ne5 (54. Nh6 {is interesting.} Qb1+ 55. Kh2 Qh7 56. Qxg5 Kc7 57. Qf4+) 54... Qb1+ 55. Kh2 Qh7+ $1 56. Kg1 Qb1+ 57. Kh2 Qh7+ $1 58. Qh3 Qxh3+ 59. Kxh3 $11 {[%mdl 4096] Endgame Black must now prevent Kg4. KB-KN} Bh5 60. Kg3 c5 61. Nf3 cxb4 62. cxb4 Kc6 63. a4 a5 64. bxa5 bxa5 65. Ne5+ Kd6 66. Nd3 Bd1 67. Nc5 Ke7 68. f4 gxf4+ 69. Kxf4 Kf6 70. Ke3 Bh5 71. Kd3 Be8 72. Kc3 Bc6 73. Kb2 Kf5 74. Ka3 Kf4 75. Nb3 Ke3 $2 {[%mdl 8192] [#]} (75... Ke4 $11) 76. Nxa5 Bxa4 $1 77. Kxa4 {Mate.} Kxd4 78. Kb4 Ke4 79. Nb3 d4 80. Nxd4 Ke5 {[%mdl 32768] Weighted Error Value: White=0.10/Black=0.05. An unexpected result.} 1/2-1/2